Comparison of surface and buried Larrea Tridentata leaf litter decomposition in North American hot deserts (Registro nro. 9745)

Detalles MARC
000 -CABECERA
Campo de control 008560000a22002530004500
090 ## - CLASIFICACIÓN LOCAL
Colección AR
Consecutivo 00653
041 0# - IDIOMA
Código de idioma para texto/pista de sonido o título separado
100 1# - ASIENTO PRINCIPAL--NOMBRE PERSONAL
Nombre personal Santos, Perseu F.
245 10 - MENCION DE TITULO
Título Comparison of surface and buried Larrea Tridentata leaf litter decomposition in North American hot deserts
650 14 - ASIENTO SECUNDARIO DE MATERIA - TERMINO TEMATICO
Término temático o nombre geográfico como elemento de entrada Fauna
650 14 - ASIENTO SECUNDARIO DE MATERIA - TERMINO TEMATICO
Término temático o nombre geográfico como elemento de entrada Microartrópodos
650 14 - ASIENTO SECUNDARIO DE MATERIA - TERMINO TEMATICO
Término temático o nombre geográfico como elemento de entrada Nemátodos
650 14 - ASIENTO SECUNDARIO DE MATERIA - TERMINO TEMATICO
Término temático o nombre geográfico como elemento de entrada Descomposición
650 14 - ASIENTO SECUNDARIO DE MATERIA - TERMINO TEMATICO
Término temático o nombre geográfico como elemento de entrada Suelos
651 #4 - ASIENTO SECUNDARIO DE MATERIA - NOMBRE GEOGRAFICO
-- Desierto de Sonora
-- Estados Unidos
651 #4 - ASIENTO SECUNDARIO DE MATERIA - NOMBRE GEOGRAFICO
-- Desierto de Chiguagua
-- Estados Unidos
651 #4 - ASIENTO SECUNDARIO DE MATERIA - NOMBRE GEOGRAFICO
-- Desierto de Colorado
-- Estados Unidos
653 ## - TERMINO DE INDIZACION - NO CONTROLADO
-- Larrea
-- Larrea tridentata
700 1# - ASIENTO SECUNDARIO - NOMBRE PERSONAL
Nombre personal Elkins, Ned Z.
700 1# - ASIENTO SECUNDARIO - NOMBRE PERSONAL
Nombre personal Steinberger, Yosef
700 1# - ASIENTO SECUNDARIO - NOMBRE PERSONAL
Nombre personal Whitford, Walter G.
773 1# - Item fuente:
Título Ecology
Especificación de materiales 57
Descripción física 1
Paginas del Articulo 278-284
Lugar, editorial y fecha de publicación 1984
Información sobre la relación 65
942 ## - ELEMENTOS ADICIONALES (KOHA)
Tipo de ítem Artículo
Existencias
Withdrawn status Lost status Damaged status No para préstamo Colección Ubicación Permanente Ubicación actual Fecha de adquisición Datos de publicación Seriada Total Checkouts Número topográfico Inventario / Código de Barras Date last seen Ejemplar Price effective from Forma de adquisición Tipo de material
      No para Préstamo Hemeroteca Bogotá Bogotá 27/02/2015 Fuera de circulación   AR 00653 010969 25/03/2015 1 25/03/2015   Artículo